Právny rámec elektronických obchodov

Smernica o elektronickom obchode - elektronické obchodovanie pre členské štáty Európskej únie. Slovenská republika transponovala do svojho právneho poriadku smernicu EP a Rady 2000/31/EC o elektronickom obchode zákonom č. 22/2004 Z.z. o elektronickom obchode. Formy elektronických zmlúv - shrink - wr...

Description complète

Enregistré dans:
Détails bibliographiques
Auteur principal: Sabo, Mikuláš
Format: Chapitre de livre
Langue:slovaque
Sujets:
Tags: Ajouter un tag
Pas de tags, Soyez le premier à ajouter un tag!

MARC

LEADER 00000nla a2200000 4500
001 0212929
005 20240502073537.9
041 0 |a slo 
044 |a SK 
245 1 0 |a Právny rámec elektronických obchodov  |c Mikuláš Sabo 
520 |a Smernica o elektronickom obchode - elektronické obchodovanie pre členské štáty Európskej únie. Slovenská republika transponovala do svojho právneho poriadku smernicu EP a Rady 2000/31/EC o elektronickom obchode zákonom č. 22/2004 Z.z. o elektronickom obchode. Formy elektronických zmlúv - shrink - wrap zmluvy, click-wrap zmluvy, click – throng zmluvy a browse - wrap zmluvy. 
610 2 0 |a obchod elektronický 
610 2 0 |a úpravy právne 
610 2 0 |a Európska únia 
610 2 0 |a Slovensko 
610 2 0 |a zmluvy obchodné 
100 1 |a Sabo, Mikuláš